[Event "Velika Gorica op 10th"]
[Site "Velika Gorica"]
[Date "2012.08.20"]
[Round "1"]
[White "Cupek, Zeljko"]
[Black "Majeric, Zoran"]
[Result "0-1"]
[WhiteElo "1884"]
[BlackElo "2277"]
[PlyCount "96"]
[EventDate "2012.08.20"]
[EventType "swiss"]
[EventRounds "9"]
[EventCountry "CRO"]
[SourceTitle "CBM 150 Extra"]
[Source "ChessBase"]
[SourceDate "2012.10.19"]
[SourceVersion "1"]
[SourceVersionDate "2012.10.19"]
[SourceQuality "1"]

1. e4 c5 2. Nf3 Nf6 3. Nc3 Nc6 4. d4 d5 5. dxc5 d4 6. e5 dxc3 7. Qxd8+ Nxd8 8. exf6 cxb2 9. Bxb2 exf6 10. Bb5+ Nc6 11. Nd4 Bd7 12. 0-0-0 0-0-0 13. Nxc6 Bxc6 14. Rxd8+ Kxd8 15. Bxc6 bxc6 16. Bd4 Be7 17. Kd2 Kd7 18. Rb1 Rd8 19. Kc3 Kc8 20. a4 Rd7 21. Kc4 g6 22. a5 Rb7 23. Rb3 Rxb3 24. cxb3 a6 25. b4 Kd7 26. f4 Ke6 27. g4 f5 28. g5 Bd8 29. Be5 Bxg5 30. Kd4 Bh4 31. Bb8 Bf2+ 32. Kc4 f6 33. Bc7 g5 34. Bb8 g4 35. Ba7 h5 36. Kd3 Kd5 37. b5 Ke6 38. Ke2 Bd4 39. bxc6 Bb2 40. Kf2 Bc1 41. Bb8 Bd2 42. Bc7 Kd5 43. Ke2 Bb4 44. Be5 Kxc6 45. Bxf6 Bxa5 46. Kd3 Kxc5 47. Be7+ Kd5 48. Bh4 Bb6 0-1